Komparácia zdaňovania fyzických osôb v Slovenskej republike a Veľkej Británii

Zdaňovanie fyzických osôb v daňových teóriách. Makroekonomický aspekt zdaňovania fyzických osôb. Vývoj daňových príjmov vo Veľkej Británii. Vývoj daňových príjmov v Slovenskej republike. Zdaňovanie príjmov fyzickej osoby vo Veľkej Británii. Vybrané daňové techniky v Slovenskej republike.

Saved in:
Bibliographic Details
Main Author: Kušnírová, Jana, 1977-
Format: Book Chapter
Language:Slovak
Subjects:
Tags: Add Tag
No Tags, Be the first to tag this record!

MARC

LEADER 00000nla a2200000 4500
001 0183824
005 20240502073139.9
041 0 |a slo 
044 |a SK 
245 1 0 |a Komparácia zdaňovania fyzických osôb v Slovenskej republike a Veľkej Británii  |c Jana Kušnírová 
520 |a Zdaňovanie fyzických osôb v daňových teóriách. Makroekonomický aspekt zdaňovania fyzických osôb. Vývoj daňových príjmov vo Veľkej Británii. Vývoj daňových príjmov v Slovenskej republike. Zdaňovanie príjmov fyzickej osoby vo Veľkej Británii. Vybrané daňové techniky v Slovenskej republike. 
610 2 0 |a dane z príjmov 
610 2 0 |a zdaňovanie 
610 2 0 |a politika daňová 
610 2 0 |a osoby fyzické 
610 2 0 |a sadzby daňové 
610 2 0 |a Slovensko 
610 2 0 |a Veľká Británia 
100 1 |a Kušnírová, Jana, 1977-